000 01550cam a22003974a 4500
001 14167792
003 NUST - PNEC
005 20170116180819.0
008 051114s2006 enka b 001 0 eng
010 _a 2005031259
015 _aGBA604206
_2bnb
016 7 _a013354553
_2Uk
020 _a9781107417403
020 _a0521858100 (hardback)
020 _a9780521858106 (hardback)
035 _a(OCoLC)ocm62302174
035 _a(OCoLC)62302174
040 _aDLC
_cLIBRARY
042 _apcc
050 0 0 _aTJ778
_b.B33 2006
082 0 0 _a621.433 BAS
100 1 _aBaskharone, Erian A.,
_d1947-
245 1 0 _aPrinciples of turbomachinery in air-breathing engines /
_cErian A. Baskharone.
260 _aCambridge ;
_aNew York :
_bCambridge University Press,
_c2006.
300 _axviii, 580 p. :
_bill. ;
_c27 cm.
440 0 _aCambridge aerospace series ;
_v19
504 _aIncludes bibliographical references (p. 573-574) and index.
650 0 _aGas-turbines.
_xME
650 0 _aTurbomachines.
856 4 1 _3Table of contents only
_uhttp://www.loc.gov/catdir/toc/ecip063/2005031259.html
856 4 2 _3Publisher description
_uhttp://www.loc.gov/catdir/enhancements/fy0633/2005031259-d.html
856 4 2 _3Contributor biographical information
_uhttp://www.loc.gov/catdir/enhancements/fy0733/2005031259-b.html
906 _a7
_bcbc
_corignew
_d1
_eecip
_f20
_gy-gencatlg
942 _2ddc
_cBK
999 _c63634
_d63634